000 00531nam a2200169Ia 4500
008 140529s9999 xx 000 0 und d
020 _a9789712353536
050 _aLB 1025.3
_b.C37 2009
100 _aCasinto, Carlo Domingo C.
245 _aHandbook on principles of teaching 1 /
_cCarlo Domingo C. Casinto
260 _aManila, Philippines :
_bRex Book Store, Inc.,
_cc2009.
300 _a151 p. ;
_c26 cm.
500 _aIncludes bibliographical references and index.
521 _aGE
942 _kLOC
_cBK
999 _c117652
_d117652